| 000 | 01321cam a22003011i 4500 | ||
|---|---|---|---|
| 003 | SA-RiAUC | ||
| 005 | 20250729065326.0 | ||
| 008 | 250725s1993 su g b 00010 ara c | ||
| 024 | 0 | _a33000000002245 | |
| 040 |
_aSA-RiAUC _bara _cSA-RiAUC _erda |
||
| 050 | 4 | _b.M36 1993 | |
| 082 | 0 | 4 |
_a214.1582 _qSA-RiAUC |
| 090 |
_a214.1582 _bم ن ص |
||
| 100 | 1 |
_aالمنصور، خالد منصور _eمؤلف. |
|
| 245 | 1 | 2 |
_aالعلاقات الإنسانية في الإسلام / _cتأليف خالد منصور المنصور ؛ تقديم فضيلة الشيخ عبد الله عبد الرحمن الجبرين. |
| 250 | _aالطبعة الثانية. | ||
| 264 | 1 |
_aالرياض : _bمكتبة النوبة، _c1993 |
|
| 300 |
_a162 صفحة ؛ _c24 سم |
||
| 336 |
_aنص _btxt _2rdacontent _3كتاب |
||
| 337 |
_aبدون وسيط _bn _2rdamedia |
||
| 338 |
_aمجلد _bnc _2rdacarrier |
||
| 504 | _aيشتمل على إرجاعات ببليوجرافية. | ||
| 504 | _aببليوجرافية : صفحة 155-157. | ||
| 650 | 7 |
_aالإسلام والعلاقات الإنسانية _2aucsh |
|
| 700 | 1 |
_aابن جبرين، عبد الله بن عبد الرحمن بن عبد الله، _d1352-1430 هجري _eمقدم. |
|
| 942 |
_2ddc _cBOOK _n0 |
||
| 949 |
_aSA-JeALM _d250725 _umohamedma123 _n1 |
||
| 999 |
_c10379 _d10379 |
||